LEADER 01043nam--2200349---450- 001 990000672950203316 035 $a0067295 035 $aUSA010067295 035 $a(ALEPH)000067295USA01 035 $a0067295 100 $a20011012d1982----km-y0itay0103----ba 101 $aita 102 $aIT 105 $a||||||||001yy 200 1 $aModelli stocastici per l'analisi spaziale$fEnrico Gori 210 $aFirenze$cUniversitą degli Studi, Dipartimento statistico$d1982 215 $aVIII, 188 p.$d24 cm 225 2 $aRicerche teoriche$v5 410 $12001$aRicerche teoriche$v5 606 0 $aStatistica$xMetodi matematici 676 $a519. 700 1$aGORI,$bEnrico$0117016 801 0$aIT$bsalbc$gISBD 912 $a990000672950203316 951 $aX 7-XXVI 5$b25634 EC$cX 7-XXVI 959 $aBK 969 $aECO 979 $aPATTY$b90$c20011012$lUSA01$h2057 979 $c20020403$lUSA01$h1716 979 $aPATRY$b90$c20040406$lUSA01$h1646 996 $aModelli stocastici per l'analisi spaziale$9635024 997 $aUNISA LEADER 01039nam0 22002651i 450 001 RML0234853 005 20231121125701.0 100 $a20121121d1996 ||||0itac50 ba 101 | $aita 102 $ait 181 1$6z01$ai $bxxxe 182 1$6z01$an 200 1 $a˜Il œfunzionario delegato$eCompiti e responsabilitą alla lucedelle vigenti disposizioni in materia di contabilitą di Stato$fLuigi Papiano 205 $a5a edizione 210 $aBologna $cEditrice Pragma $d1996 215 $axii,561 p.$ctab.$d24 cm. 700 1$aPAPIANO$b, Luigi$3RMLV149600$033374 801 3$aIT$bIT-01$c20121121 850 $aIT-FR0098 899 $aBiblioteca Area Giuridico Economica$bFR0098 912 $aRML0234853 950 0$aBiblioteca Area Giuridico Economica$d 53IMP 28 25$e 53VM 0000032895 VMB A4 barcode:ECO003890. - Inventario:3290. - Fondo:Sala consultazioneVM$fA $h19961001$i20121204 977 $a 53 996 $aFunzionario delegato$9269931 997 $aUNICAS